[Event "Hastings Masters 2018-19"]
[Site "Hastings ENG"]
[Date "2019.01.02"]
[Round "6.39"]
[White "Ratnesan, Rajeiv"]
[Black "Witt, Holger"]
[Result "1/2-1/2"]
[WhiteElo "1686"]
[BlackElo "1567"]
[WhiteFideId "439320"]
[BlackFideId "24678139"]
[EventDate "2018.12.28"]

1. Nf3 c5 2. g3 g6 3. Bg2 Bg7 4. O-O e5 5. d3 d6 6. c4 Ne7 7. Nc3 Nbc6 8. Rb1 a5
9. Bd2 O-O 10. a3 h6 11. Nd5 Be6 12. Nxe7+ Qxe7 13. b4 axb4 14. axb4 cxb4 15.
Bxb4 Nxb4 16. Rxb4 d5 17. Qb3 dxc4 18. dxc4 Rab8 19. Nd2 Rfd8 20. Nb1 Qc5 21.
Nc3 Bf8 22. Ra4 b5 23. Nxb5 Bxc4 24. Rxc4 Qxb5 25. Qxb5 Rxb5 26. Rc7 Bd6 27. Ra7
Bc5 28. Rc7 Bd6 29. Ra7 Bc5 1/2-1/2

[Event "Hastings Masters 2018-19"]
[Site "Hastings ENG"]
[Date "2019.01.03"]
[Round "7.2"]
[White "Leenhouts, Koen"]
[Black "Gormally, Daniel W"]
[Result "0-1"]
[WhiteTitle "IM"]
[BlackTitle "GM"]
[WhiteElo "2460"]
[BlackElo "2481"]
[WhiteFideId "1008439"]
[BlackFideId "406465"]
[EventDate "2018.12.28"]

1. e4 c5 2. Nf3 d6 3. d4 cxd4 4. Qxd4 a6 5. Be2 Nf6 6. O-O Nc6 7. Qe3 Bg4 8. Rd1
Qc7 9. c4 e6 10. Nc3 Be7 11. b3 O-O 12. Bb2 Rac8 13. Rac1 Qb8 14. h3 Bxf3 15.
Bxf3 Rfd8 16. g4 Nd7 17. g5 Bf8 18. h4 g6 19. h5 b5 20. hxg6 hxg6 21. Kg2 bxc4
22. Rh1 Bg7 23. Rh4 Nb4 24. Rch1 Nxa2 25. Nxa2 Bxb2 26. Nc3 Kf8 27. Bg4 Bxc3 28.
Qxc3 Qxb3 29. Qd2 Qd3 30. Qf4 Ke7 31. Rh7 Rf8 32. Rd1 e5 33. Qc1 Qxe4+ 34. f3
Qe2+ 35. Kg3 Rh8 36. f4 Qa2 37. Rxd6 Rxh7 38. Rxd7+ Kf8 39. Rd2 Qb3+ 40. Kg2
exf4 0-1

[Event "Hastings Masters 2018-19"]
[Site "Hastings ENG"]
[Date "2019.01.03"]
[Round "7.10"]
[White "Kalavannan, Koby"]
[Black "Snape, Ian L"]
[Result "1-0"]
[WhiteTitle "FM"]
[WhiteElo "2339"]
[BlackElo "2110"]
[WhiteFideId "425753"]
[BlackFideId "404489"]
[EventDate "2018.12.28"]

1. d4 c5 2. c3 cxd4 3. cxd4 d5 4. Nc3 Nc6 5. Bf4 Nf6 6. e3 a6 7. Bd3 e6 8. Rc1
Bd7 9. Nf3 Nh5 10. Bg5 Be7 11. Bxe7 Qxe7 12. a3 b5 13. Nxb5 O-O 14. Nc7 Rac8 15.
Nxa6 e5 16. Nxe5 Nxe5 17. dxe5 Qxe5 18. Nc5 Bc6 19. O-O Nf6 20. Ba6 Rb8 21. Nd3
Qd6 22. Nb4 Bd7 23. Be2 h5 24. Qd4 Bb5 25. Bxb5 Rxb5 26. Rc6 Qd7 27. Rfc1 Re8
28. h3 Ne4 29. Qd3 Rb7 30. R1c2 Rd8 31. f3 Ng5 32. R6c5 Nxf3+ 33. gxf3 Qxh3 34.
Nxd5 Qg3+ 35. Rg2 Rxd5 36. Rc8+ 1-0

[Event "Hastings Masters 2018-19"]
[Site "Hastings ENG"]
[Date "2019.01.03"]
[Round "7.15"]
[White "Peek, Marcel"]
[Black "Willson, Ollie"]
[Result "1-0"]
[WhiteTitle "IM"]
[WhiteElo "2294"]
[BlackElo "2081"]
[WhiteFideId "1000462"]
[BlackFideId "424714"]
[EventDate "2018.12.28"]

1. d4 Nf6 2. Nf3 e6 3. c4 Bb4+ 4. Bd2 c5 5. Bxb4 cxb4 6. Nbd2 O-O 7. e3 d6 8.
Qc2 b6 9. Bd3 Bb7 10. g4 g6 11. h4 Qe7 12. h5 e5 13. g5 Nxh5 14. Rxh5 gxh5 15.
Bxh7+ Kh8 16. Be4 exd4 17. Bxb7 Qxb7 18. Ke2 f5 19. Nxd4 Nc6 20. N2f3 Nxd4+ 21.
Nxd4 Qg2 22. Nf3 Rae8 23. Qd3 Qg4 24. Rh1 Re6 25. Rh4 Qg2 26. Rxh5+ Kg8 27. Qd5
Re8 28. Rh6 1-0

[Event "Hastings Masters 2018-19"]
[Site "Hastings ENG"]
[Date "2019.01.03"]
[Round "7.23"]
[White "Rolvag, Mikael"]
[Black "Graham, Cassie M"]
[Result "1/2-1/2"]
[WhiteElo "2107"]
[BlackElo "1889"]
[WhiteFideId "1500481"]
[BlackFideId "432644"]
[EventDate "2018.12.28"]

1. c4 Nf6 2. Nc3 g6 3. d4 d5 4. cxd5 Nxd5 5. e4 Nxc3 6. bxc3 Bg7 7. Bg5 O-O 8.
Rc1 c5 9. d5 Qd6 10. c4 Re8 11. Bd3 Na6 12. Ne2 Nc7 13. O-O b6 14. Bf4 Qd7 15.
e5 Bb7 16. Nc3 Rad8 17. Bc2 Ba6 18. Ba4 Qf5 19. Bxe8 Qxf4 20. Bb5 Bxb5 21. Nxb5
Nxb5 22. cxb5 Bxe5 23. g3 1/2-1/2

[Event "Hastings Masters 2018-19"]
[Site "Hastings ENG"]
[Date "2019.01.03"]
[Round "7.31"]
[White "Wilson, Matthew R"]
[Black "Heinsohn, Michael"]
[Result "0-1"]
[WhiteElo "1822"]
[BlackElo "1961"]
[WhiteFideId "423459"]
[BlackFideId "4665546"]
[EventDate "2018.12.28"]

1. e4 e6 2. d4 d5 3. Nc3 Nf6 4. Bg5 dxe4 5. Nxe4 Be7 6. Nxf6+ Bxf6 7. Bxf6 Qxf6
8. Nf3 Nd7 9. Bd3 O-O 10. Qe2 c5 11. Qe4 g6 12. c3 Rb8 13. O-O b5 14. Ne5 cxd4
15. cxd4 Rd8 16. Qe2 Nxe5 17. dxe5 Qf4 18. Rac1 Rd5 19. Rc7 Rxe5 20. Qc2 Ba6 21.
Qc6 Rd8 22. Bxg6 hxg6 23. Qxa6 Rh5 0-1

[Event "Hastings Masters 2018-19"]
[Site "Hastings ENG"]
[Date "2019.01.03"]
[Round "7.32"]
[White "Spanton, Tim R"]
[Black "Butt, Laurence"]
[Result "1-0"]
[WhiteElo "1943"]
[BlackElo "1635"]
[WhiteFideId "404802"]
[BlackFideId "440884"]
[EventDate "2018.12.28"]

1. e4 e6 2. d4 d5 3. Nc3 Bb4 4. e5 Ne7 5. Bd2 a6 6. Qg4 Nf5 7. Bd3 h5 8. Qf4 g5
9. Qxg5 Qxg5 10. Bxg5 Rg8 11. Bxf5 exf5 12. f4 c5 13. O-O-O Be6 14. Nge2 cxd4
15. Rxd4 Nc6 16. Nxd5 Nxd4 17. Nf6+ Kf8 18. Bh6+ Ke7 19. Nxg8+ Rxg8 20. Nxd4
Rxg2 21. Nxe6 Kxe6 22. c3 Be7 23. h4 Rg4 24. Bg5 Bxg5 25. hxg5 Rxf4 26. Rxh5
Kxe5 27. Rh7 Rg4 28. Rxf7 Rxg5 29. Rxb7 Ke4 30. Re7+ Kf3 31. Kc2 f4 32. c4 Kg2
33. Re2+ Kf1 34. Kd2 f3 35. Re8 Rg2+ 36. Kc3 Re2 37. Rf8 f2 38. a4 Ke1 39. b4
f1=Q 40. Rxf1+ Kxf1 41. b5 axb5 42. cxb5 Re3+ 43. Kb4 Re4+ 44. Ka5 Ke2 45. b6
Kd3 46. b7 Re8 47. Kb6 Kc4 48. a5 Re6+ 49. Ka7 Re7 50. Kb6 Re5 51. a6 Re6+ 52.
Ka7 1-0

[Event "Hastings Masters 2018-19"]
[Site "Hastings ENG"]
[Date "2019.01.03"]
[Round "7.33"]
[White "Kolani, Arjun"]
[Black "Larsen, Andreas"]
[Result "0-1"]
[WhiteElo "1533"]
[BlackElo "1933"]
[WhiteFideId "446700"]
[BlackFideId "1504843"]
[EventDate "2018.12.28"]

1. e4 d5 2. exd5 Nf6 3. Nf3 Nxd5 4. d4 Bf5 5. Bd3 Bg6 6. c4 Nb6 7. Nc3 e6 8. O-O
Be7 9. Bf4 O-O 10. Bxg6 fxg6 11. Bg3 Nc6 12. Qe2 Nxd4 13. Nxd4 Qxd4 14. Qxe6+
Rf7 15. Bxc7 Qxc4 16. Qxc4 Nxc4 17. Bg3 Nxb2 18. Rab1 Bf6 19. Ne4 Nc4 20. Rfc1
Rc8 21. Rb4 Nd6 22. Rxc8+ Nxc8 23. Nxf6+ gxf6 24. Kf1 Rd7 25. Ke2 Ne7 26. Rb3
Nf5 27. Rc3 Nxg3+ 28. fxg3 h5 29. Rc4 Kf7 30. Ke3 Ke6 31. Rc8 Kf5 32. Rc5+ Ke6
33. Rc8 Rd5 34. Re8+ Kf5 35. Kf3 Rd3+ 36. Ke2 Ra3 0-1

[Event "Hastings Masters 2018-19"]
[Site "Hastings ENG"]
[Date "2019.01.03"]
[Round "7.34"]
[White "Carulla Pons, Carlos"]
[Black "Byrn, Carsten"]
[Result "0-1"]
[WhiteElo "1780"]
[BlackElo "1961"]
[WhiteFideId "24571768"]
[BlackFideId "1406345"]
[EventDate "2018.12.28"]

1. Nf3 f5 2. d4 Nf6 3. g3 g6 4. Bg2 Bg7 5. c4 d6 6. O-O O-O 7. Nc3 c6 8. d5 e5
9. dxe6 Bxe6 10. Qd3 Na6 11. Ng5 Re8 12. Nxe6 Rxe6 13. Be3 Ng4 14. Bd4 Nb4 15.
Qd2 Bxd4 16. Qxd4 Nc2 17. Qd2 Nxa1 18. Rxa1 Qb6 19. e3 Qc5 20. b3 Rae8 21. Na4
Qe5 22. Rd1 Nf6 23. Nc3 Ne4 24. Nxe4 fxe4 25. Qd4 Qxd4 26. Rxd4 c5 27. Rd5 Rf6
28. Rd2 Re7 29. Rd5 Kf8 30. Rd2 Ke8 31. Kf1 Kd7 32. Ke1 Kc6 33. Kd1 Rf5 34. Ke2
Ree5 35. f4 exf3+ 36. Bxf3+ Kc7 37. Rd3 a6 38. Kf2 Rf7 39. g4 h5 40. h3 hxg4 41.
hxg4 g5 42. Kg3 Rfe7 43. Kf2 Rh7 44. Kg3 b5 45. Bd5 Rh8 46. Bg2 bxc4 47. bxc4
Rb8 48. Ra3 Kb6 49. Bd5 a5 50. Rb3+ Ka7 51. Ra3 Ka6 52. Kf3 Rb4 53. Ke2 a4 54.
Kd3 Ka5 55. Bc6 Re6 56. Bb5 Rh6 57. Ke4 Rh1 58. Kf5 Rd1 59. Kxg5 Rxb5 60. cxb5
Kb4 61. Rxa4+ Kxa4 62. Kf6 Kxb5 63. g5 c4 64. g6 c3 0-1

[Event "Hastings Masters 2018-19"]
[Site "Hastings ENG"]
[Date "2019.01.03"]
[Round "7.35"]
[White "Song, Jinwoo"]
[Black "Kearsley, Raymond J"]
[Result "1-0"]
[WhiteTitle "FM"]
[WhiteElo "1907"]
[BlackElo "1537"]
[WhiteFideId "413003"]
[BlackFideId "470562"]
[EventDate "2018.12.28"]

1. e4 c5 2. Nf3 g6 3. c3 Bg7 4. d4 cxd4 5. cxd4 d5 6. e5 Bg4 7. Nc3 Nc6 8. Be3
e6 9. Be2 Nge7 10. O-O O-O 11. Qd2 Nf5 12. Rad1 f6 13. exf6 Bxf6 14. Ne5 Bxe2
15. Nxc6 bxc6 16. Nxe2 Qb6 17. b3 Rab8 18. Ng3 Be7 19. Bf4 Rbd8 20. Nxf5 exf5
21. Qe3 Bf6 22. Qe6+ Kg7 23. Rfe1 Rfe8 24. Bh6+ Kxh6 25. Qxf6 Qc7 26. Re5 Rxe5
27. dxe5 Re8 28. Rd3 Kh5 29. Rh3+ 1-0

[Event "Hastings Masters 2018-19"]
[Site "Hastings ENG"]
[Date "2019.01.03"]
[Round "7.36"]
[White "Park, Sijoon"]
[Black "Salmons, Calum"]
[Result "0-1"]
[WhiteElo "1243"]
[BlackElo "1905"]
[WhiteFideId "13207296"]
[BlackFideId "437280"]
[EventDate "2018.12.28"]

1. d4 Nf6 2. Bf4 d5 3. e3 e6 4. Nf3 c5 5. c3 Nc6 6. Be2 Be7 7. O-O O-O 8. Bg3 a6
9. Nbd2 b5 10. Rc1 c4 11. Ne5 Bb7 12. Ndf3 Ne4 13. Nxc6 Bxc6 14. Bf4 b4 15. Nd2
bxc3 16. bxc3 Ba3 17. Rb1 Nxc3 18. Qe1 Nxb1 19. Nxb1 Bd6 20. Bxd6 Qxd6 21. Qc3
Rfb8 22. Nd2 Qb4 23. Qxb4 Rxb4 24. h3 Rb2 25. Rd1 Ba4 26. Nxc4 Bxd1 27. Nxb2
Bxe2 28. Na4 a5 29. a3 Rb8 30. Kh2 Rb3 31. Nc5 Rxa3 32. Kg3 g5 33. Kh2 Rc3 34.
e4 Rxc5 35. dxc5 dxe4 36. c6 Ba6 37. Kg1 a4 38. c7 a3 0-1

[Event "Hastings Masters 2018-19"]
[Site "Hastings ENG"]
[Date "2019.01.03"]
[Round "7.37"]
[White "Rahulan, Thivyaa"]
[Black "Stoyanov, Boris"]
[Result "1-0"]
[WhiteElo "1814"]
[BlackElo "1583"]
[WhiteFideId "431940"]
[BlackFideId "456462"]
[EventDate "2018.12.28"]

1. e4 c5 2. Nf3 g6 3. d4 Bg7 4. Nc3 cxd4 5. Nxd4 Nc6 6. Be3 Nf6 7. Bc4 O-O 8.
Bb3 Qa5 9. f3 a6 10. Qd2 Rd8 11. O-O-O d6 12. h4 h5 13. Kb1 Bd7 14. Qf2 b5 15.
Nxc6 Bxc6 16. Bb6 Qb4 17. a3 Qxb3 18. cxb3 Rdc8 19. Be3 b4 20. Nd5 1-0

[Event "Hastings Masters 2018-19"]
[Site "Hastings ENG"]
[Date "2019.01.03"]
[Round "7.38"]
[White "Witt, Holger"]
[Black "Choi, Shinwoo"]
[Result "1-0"]
[WhiteElo "1567"]
[BlackElo "1219"]
[WhiteFideId "24678139"]
[BlackFideId "13209892"]
[EventDate "2018.12.28"]

1. d4 d5 2. Bf4 e6 3. e3 Bd6 4. Bg3 c5 5. c3 Nc6 6. Nd2 Nf6 7. Ngf3 O-O 8. Ne5
Ne4 9. Bd3 Nxg3 10. hxg3 g6 11. f4 f6 12. Nxg6 hxg6 13. Bxg6 Qd7 14. Rh6 Ne7 15.
Qh5 Nxg6 16. Rxg6+ Kf7 17. Rh6+ Ke7 18. Rh7+ Kd8 19. Rxd7+ Bxd7 20. O-O-O Kc7
21. Rh1 Rh8 22. Qxh8 Rxh8 23. Rxh8 c4 24. Rh7 Kc6 25. e4 a5 26. e5 fxe5 27. fxe5
Bc7 28. Rh8 b6 29. g4 Be8 30. Rxe8 Kd7 31. Rf8 Bd8 32. Nf3 Ke7 33. Rf4 1-0

[Event "Hastings Masters 2018-19"]
[Site "Hastings ENG"]
[Date "2019.01.04"]
[Round "8.6"]
[White "Lyell, Mark"]
[Black "Leenhouts, Koen"]
[Result "1/2-1/2"]
[WhiteTitle "FM"]
[BlackTitle "IM"]
[WhiteElo "2299"]
[BlackElo "2460"]
[WhiteFideId "402354"]
[BlackFideId "1008439"]
[EventDate "2018.12.28"]

1. e4 c5 2. Nf3 Nc6 3. Bb5 g6 4. Bxc6 dxc6 5. d3 Bg7 6. h3 Nf6 7. Nc3 Nd7 8. Be3
e5 9. Qd2 h6 10. O-O b6 11. Nh2 Nf8 12. f4 exf4 13. Bxf4 g5 14. Bg3 Be6 15. Rae1
Ng6 16. Ng4 Bxg4 17. hxg4 Bd4+ 18. Bf2 Ne5 19. Qe2 Qd7 20. Nd5 Bxf2+ 21. Rxf2
O-O-O 22. Ne3 Rh7 23. Rf5 Ng6 24. g3 Rdh8 25. Kg2 h5 26. gxh5 Rxh5 27. Ng4 f6
28. Rxf6 Ne5 29. Rf5 Nxg4 30. Qxg4 Rh2+ 31. Kf3 Rxc2 32. Rxg5 Rf8+ 33. Ke3 Rxb2
34. Qxd7+ Kxd7 35. Re2 Rxe2+ 36. Kxe2 Rf7 37. g4 a5 38. Ke3 a4 39. Rf5 Rh7 40.
Rh5 Rg7 41. Kf4 Rf7+ 42. Ke5 Re7+ 43. Kf6 c4 44. dxc4 Rxe4 45. g5 Rf4+ 46. Kg7
Rxc4 47. g6 b5 48. Kh6 Ke6 49. g7 Rg4 50. Rc5 Rxg7 51. Kxg7 Kd6 52. Rc1 b4 53.
Kf6 Kd5 54. Kf5 c5 55. Kf4 Kd4 56. Kf3 c4 57. Ke2 b3 58. Kd2 c3+ 59. Rxc3 b2 60.
Rd3+ Kc4 61. Rc3+ Kd4 1/2-1/2

[Event "Hastings Masters 2018-19"]
[Site "Hastings ENG"]
[Date "2019.01.04"]
[Round "8.10"]
[White "Djuric, Stefan"]
[Black "Armstrong, Malcolm J"]
[Result "1/2-1/2"]
[WhiteTitle "GM"]
[WhiteElo "2371"]
[BlackElo "2052"]
[WhiteFideId "900133"]
[BlackFideId "409049"]
[EventDate "2018.12.28"]

1. e4 c6 2. Nc3 d5 3. Nf3 dxe4 4. Nxe4 Nf6 5. Nxf6+ gxf6 6. d4 Bf5 7. c3 e6 8.
Bf4 Bd6 9. Bg3 Qc7 10. Nd2 Nd7 11. Nc4 Bxg3 12. hxg3 O-O-O 13. Qa4 Kb8 14. Qa5
c5 15. Qxc7+ Kxc7 16. Ne3 Bg6 17. Rh4 cxd4 18. Rxd4 Ne5 19. O-O-O Nc6 20. Rxd8
Rxd8 21. Rxd8 Kxd8 22. b4 Ke7 23. Kd2 Kd6 24. a3 Ne5 25. Be2 f5 26. a4 f6 27. f4
Nd7 28. a5 Be8 29. Nc4+ Kc7 30. Na3 a6 31. Nc4 Nb8 32. Ne3 Bc6 33. c4 Be4 34.
Kc3 Nc6 35. Bf1 Kd6 36. Nd1 Ne7 37. Nf2 Bc6 38. Nd3 Ng6 39. Kd4 e5+ 40. Ke3 Ne7
41. Ne1 Bd7 42. Kd2 Nc6 43. Kc3 Nd4 44. Nd3 Bc6 45. Nf2 Ne6 46. b5 Bd7 47. Kb4
exf4 48. gxf4 axb5 49. cxb5 Nxf4 50. a6 bxa6 51. bxa6 Bc6 52. g3 Nh5 53. g4 fxg4
54. Nxg4 f5 55. Nf2 Nf4 56. Kc4 Ne6 57. Bd3 Ke5 58. Bc2 h5 59. Nd3+ Kd6 60. Nb4
Be4 61. Bxe4 fxe4 62. a7 Nc7 63. Na6 Na8 64. Kd4 h4 65. Kxe4 h3 66. Kf3 Kc6 1/2-1/2

[Event "Hastings Masters 2018-19"]
[Site "Hastings ENG"]
[Date "2019.01.04"]
[Round "8.11"]
[White "Royset, Pal"]
[Black "Rush, Steven J"]
[Result "1-0"]
[WhiteElo "2165"]
[BlackElo "1456"]
[WhiteFideId "1501330"]
[BlackFideId "451630"]
[EventDate "2018.12.28"]

1. e4 c5 2. Nc3 e6 3. Nf3 Nc6 4. Bb5 Nd4 5. O-O Nxb5 6. Nxb5 a6 7. Nc3 d6 8. d4
cxd4 9. Qxd4 e5 10. Qd3 Nf6 11. Bg5 Be7 12. a4 Be6 13. Nd2 Rc8 14. a5 O-O 15.
Rfd1 h6 16. Bxf6 Bxf6 17. Nf1 Be7 18. Ne3 Re8 19. Ncd5 Bf8 20. c4 Qg5 21. b4 h5
22. Nb6 Rcd8 23. Qe2 g6 24. Ra3 h4 25. Kh1 Bh6 26. Rad3 Qe7 27. Ned5 Qg5 28. Nc7
h3 29. gxh3 Qh4 30. Nxe8 Rxe8 31. Rxd6 Bxh3 32. Nd5 Kg7 33. f3 Rh8 34. Rg1 Bf4
35. Nxf4 Qxf4 36. Qf2 Be6 37. c5 Rh3 38. Rg3 Rh8 39. Kg2 Qc1 40. Qd2 Qb1 1-0

[Event "Hastings Masters 2018-19"]
[Site "Hastings ENG"]
[Date "2019.01.04"]
[Round "8.21"]
[White "Byron, Alan M"]
[Black "Comellas Blanchart, Jordi"]
[Result "1-0"]
[WhiteElo "2157"]
[BlackElo "2129"]
[WhiteFideId "401773"]
[BlackFideId "2291096"]
[EventDate "2018.12.28"]

1. e4 e5 2. Nf3 Nc6 3. Bb5 a6 4. Ba4 Nf6 5. O-O Be7 6. Re1 b5 7. Bb3 d6 8. c3
O-O 9. h3 Nb8 10. d4 Nbd7 11. Nbd2 Bb7 12. Bc2 Re8 13. Nf1 Bf8 14. Ng3 g6 15. a4
c5 16. d5 c4 17. Bg5 Nc5 18. Ra3 Be7 19. Qd2 Nfd7 20. Bh6 Nb6 21. a5 Nbd7 22. h4
Bc8 23. h5 Nb7 24. hxg6 hxg6 25. Rea1 Bf8 26. Bg5 f6 27. Be3 Bg7 28. Nh2 Nf8 29.
f3 Qe7 30. Ng4 Bxg4 31. fxg4 Nd8 32. b3 cxb3 33. Bxb3 Nb7 34. c4 bxc4 35. Bxc4
Nd7 36. Rf1 Rec8 37. Be2 Nbc5 38. g5 Rf8 39. gxf6 Rxf6 40. Bf3 Rff8 41. Nh1 Qh4
42. g3 Qe7 43. Kg2 Rab8 44. Nf2 Nb3 45. Qd1 Nd4 46. Nd3 Nc5 47. Nxc5 dxc5 48.
Bg4 Bf6 49. Qc1 Rb4 50. Rh1 Rfb8 51. Ra2 Nb3 52. Qf1 Bg5 53. Be6+ 1-0

[Event "Hastings Masters 2018-19"]
[Site "Hastings ENG"]
[Date "2019.01.04"]
[Round "8.23"]
[White "Chapman, Matt"]
[Black "Rolvag, Mikael"]
[Result "1/2-1/2"]
[WhiteElo "1902"]
[BlackElo "2107"]
[WhiteFideId "435848"]
[BlackFideId "1500481"]
[EventDate "2018.12.28"]

1. e4 e6 2. d4 d5 3. Nd2 c5 4. exd5 exd5 5. Bb5+ Nc6 6. Ngf3 Bd6 7. dxc5 Bxc5 8.
O-O Ne7 9. c3 O-O 10. Nb3 Bd6 11. Nbd4 Bg4 12. Be2 a6 13. Be3 Qc7 14. h3 Bd7 15.
Qd2 Rfd8 16. Rfd1 Na5 17. b3 Rac8 18. Rac1 b5 19. Bd3 Ng6 20. Ne2 Be7 21. Nf4
Nxf4 22. Bxf4 Qb6 23. Be3 Qc7 24. Bf4 Qb6 25. Be3 Qc7 26. Nd4 g6 27. Bf4 Qb6 28.
Be5 Re8 1/2-1/2

[Event "Hastings Masters 2018-19"]
[Site "Hastings ENG"]
[Date "2019.01.04"]
[Round "8.30"]
[White "Salmons, Calum"]
[Black "Rayner, Francis"]
[Result "1-0"]
[WhiteElo "1905"]
[BlackElo "2048"]
[WhiteFideId "437280"]
[BlackFideId "1800132"]
[EventDate "2018.12.28"]

1. e4 c5 2. Nc3 Nc6 3. f4 g6 4. Nf3 Bg7 5. d3 d6 6. g3 e6 7. Be3 Nge7 8. Bg2 O-O
9. O-O b6 10. d4 Ba6 11. Re1 cxd4 12. Nxd4 Qd7 13. Qd2 Na5 14. b3 Rac8 15. Rad1
Rc7 16. Bf1 Bxf1 17. Rxf1 Rfc8 18. Ncb5 Rc5 19. c4 a6 20. Na3 Qb7 21. f5 exf5
22. exf5 Nxf5 23. Nxf5 Rxf5 24. Rxf5 gxf5 25. Qxd6 Nc6 26. Nc2 Ne5 27. Qxb6 Nf3+
28. Kf2 Qa8 29. h3 Qe4 30. Rd8+ Rxd8 31. Qxd8+ Bf8 32. Qd1 Ne5 33. Ne1 Bb4 34.
Nf3 Nd3+ 35. Ke2 Ne5 36. Qd8+ Bf8 37. Nxe5 Qxe5 38. Qg5+ Bg7 39. Qf4 Qb2+ 40.
Kf3 Qb1 41. Bc5 Qf1+ 42. Ke3 Qe1+ 43. Kd3 Qd1+ 44. Qd2 Qf3+ 45. Kc2 Qe4+ 46. Qd3
Qg2+ 47. Kd1 Qh1+ 48. Ke2 Qg2+ 49. Ke1 Qh1+ 50. Ke2 Qg2+ 51. Bf2 Qxh3 52. Qd8+
Bf8 53. Bc5 Qg2+ 54. Kd1 Qf1+ 55. Kd2 Qg2+ 56. Kc1 Qh1+ 57. Kb2 Qh2+ 58. Ka3 Qh6
59. Kb4 Qg7 60. Qxf8+ Qxf8 61. Bxf8 Kxf8 62. Kc3 Ke7 63. Kd4 Kd6 64. b4 h5 65.
Ke3 Ke5 66. b5 axb5 67. cxb5 1-0

[Event "Hastings Masters 2018-19"]
[Site "Hastings ENG"]
[Date "2019.01.04"]
[Round "8.31"]
[White "Boswell, Jacob Connor"]
[Black "Trevelyan, John"]
[Result "1-0"]
[WhiteElo "1858"]
[BlackElo "1996"]
[WhiteFideId "427110"]
[BlackFideId "1800922"]
[EventDate "2018.12.28"]

1. e4 d6 2. d4 e5 3. Nf3 Nd7 4. Bc4 c6 5. a4 h6 6. Nc3 Be7 7. Be3 Ngf6 8. Bb3
Qc7 9. h3 Nf8 10. Qe2 Ne6 11. Qc4 O-O 12. dxe5 dxe5 13. O-O-O a6 14. g4 b5 15.
Qe2 b4 16. Nb1 Nc5 17. Bxc5 Bxc5 18. Rhg1 g5 19. h4 Nh7 20. hxg5 hxg5 21. Rh1
Kg7 22. Qf1 Bxg4 23. Qg2 Qc8 24. Qh2 Bh3 25. Qxe5+ f6 26. Qxc5 1-0

[Event "Hastings Masters 2018-19"]
[Site "Hastings ENG"]
[Date "2019.01.04"]
[Round "8.32"]
[White "Metcalfe, Charlie P"]
[Black "Barton, R Alan"]
[Result "1/2-1/2"]
[WhiteElo "1743"]
[BlackElo "1991"]
[WhiteFideId "443883"]
[BlackFideId "404233"]
[EventDate "2018.12.28"]

1. d4 d6 2. Nf3 Bg4 3. c4 Bxf3 4. exf3 c6 5. Nc3 Nd7 6. g3 e6 7. d5 cxd5 8. cxd5
e5 9. Bh3 g6 10. O-O f5 11. Be3 Ngf6 12. Qd2 Be7 13. Rac1 a6 14. Rfd1 Kf7 15.
Qc2 h5 16. Qb3 b6 17. Na4 Rb8 18. Bf1 Nc5 19. Nxc5 bxc5 20. Qa3 Qb6 21. b3 a5
22. Rc4 Ra8 23. Ra4 Rhb8 24. Bd2 Bd8 25. Bc4 Ke7 1/2-1/2

[Event "Hastings Masters 2018-19"]
[Site "Hastings ENG"]
[Date "2019.01.04"]
[Round "8.33"]
[White "Fryer, David W"]
[Black "Rahulan, Thivyaa"]
[Result "1-0"]
[WhiteElo "1932"]
[BlackElo "1814"]
[WhiteFideId "406384"]
[BlackFideId "431940"]
[EventDate "2018.12.28"]

1. e4 e6 2. d3 d5 3. Nd2 Nf6 4. Ngf3 c5 5. g3 b5 6. Bg2 Nc6 7. O-O Be7 8. Re1
Bb7 9. e5 Nd7 10. Nf1 Qb6 11. c3 a5 12. h4 Ba6 13. Bf4 b4 14. Ne3 bxc3 15. bxc3
Rb8 16. Nxd5 exd5 17. e6 Rd8 18. Ng5 Bxg5 19. exd7+ Kf8 20. hxg5 Rxd7 21. Rb1
Qd8 22. Qa4 Na7 23. Rb8 Nc8 24. Qc6 Ra7 25. Bd6+ 1-0

[Event "Hastings Masters 2018-19"]
[Site "Hastings ENG"]
[Date "2019.01.04"]
[Round "8.34"]
[White "Fowler, David"]
[Black "Wilson, Matthew R"]
[Result "1-0"]
[WhiteElo "1929"]
[BlackElo "1822"]
[WhiteFideId "2461595"]
[BlackFideId "423459"]
[EventDate "2018.12.28"]

1. d4 d5 2. Nc3 e6 3. e4 dxe4 4. Nxe4 Nf6 5. Nxf6+ Qxf6 6. Nf3 h6 7. Bd3 Be7 8.
O-O O-O 9. Qe2 Re8 10. Qe4 Qf5 11. Qxf5 exf5 12. Bf4 Bd6 13. Bxd6 cxd6 14. Rfe1
Rxe1+ 15. Rxe1 Kf8 16. Nd2 Be6 17. Nc4 Bxc4 18. Bxc4 Nc6 19. c3 Rb8 20. f4 b5
21. Bd3 g6 22. a3 a5 23. g3 a4 24. Kf2 Na5 25. Kf3 Nc4 26. Re2 Re8 27. Bxc4 bxc4
28. Rxe8+ Kxe8 29. d5 Kd7 30. Ke3 Kc7 31. Kd4 Kb6 32. Kxc4 Ka5 33. Kd4 Ka6 34.
c4 Kb6 35. c5+ dxc5+ 36. Kc4 g5 37. d6 Kc6 38. d7 Kxd7 39. Kxc5 gxf4 40. gxf4
Ke6 41. Kb4 Kd5 42. Kxa4 Ke4 43. b4 Kxf4 44. b5 Ke3 45. b6 f4 46. b7 f3 47. b8=Q
f2 48. Qb5 1-0

[Event "Hastings Masters 2018-19"]
[Site "Hastings ENG"]
[Date "2019.01.04"]
[Round "8.35"]
[White "Butt, Laurence"]
[Black "Faulks, Nick"]
[Result "0-1"]
[BlackTitle "CM"]
[WhiteElo "1635"]
[BlackElo "1917"]
[WhiteFideId "440884"]
[BlackFideId "8800103"]
[EventDate "2018.12.28"]

1. d4 Nf6 2. e3 c5 3. f4 cxd4 4. exd4 d5 5. Nf3 g6 6. Be2 Bg7 7. O-O O-O 8. c3
Nc6 9. Bd2 Ne4 10. Be1 a5 11. Nbd2 Nd6 12. Qb3 a4 13. Qc2 Qb6 14. Bd3 Be6 15.
Bf2 Rfc8 16. Qb1 Qc7 17. Ne5 Bf5 18. g4 Bxd3 19. Qxd3 e6 20. Bg3 f5 21. gxf5
exf5 22. Qf3 Ne4 23. Nxe4 dxe4 24. Qe2 Ne7 25. a3 Nd5 26. Rfd1 Ra5 27. Rac1 b5
28. Kg2 Ra6 29. Kf2 Rb6 30. h4 Bxe5 31. dxe5 Qc5+ 32. Kg2 Ne3+ 33. Kh3 Nxd1 34.
Rxd1 Qc7 35. Qd2 Rbb8 36. Qd5+ Kg7 37. Qe6 Rd8 38. Qf6+ Kg8 39. Rd6 Rxd6 40.
exd6 Qd7 41. Bf2 Rf8 42. Qe5 Re8 43. Qd5+ Re6 44. Bc5 e3 45. Bxe3 Qxd6 46. Qa8+
Kf7 47. Bd4 Qc6 48. Qh8 Qf3+ 0-1